| 000 | 00343nam a22001457a 4500 | ||
|---|---|---|---|
| 020 | _a81-219-0009-3 | ||
| 082 |
_a423 _bWRE/4 |
||
| 100 | _aWREN | ||
| 100 | _aMARTIN | ||
| 245 | _aHIGH SCHOOL ENGLISH GRAMMAR& COMPOSITION | ||
| 260 |
_aNEW DELHI _bS.CHAND & COMPANY LTD. |
||
| 300 | _a376 | ||
| 650 |
_aENGLISH GRAMMAR _zNEW DELHI |
||
| 942 | _cBK | ||
| 999 |
_c3768 _d3768 |
||